LEADER 05760oam 22009014a 450 001 9910462379603321 005 20211004152636.0 010 $a1-57506-856-7 024 7 $a10.1515/9781575068565 035 $a(CKB)2670000000387961 035 $a(EBL)3155677 035 $a(SSID)ssj0000916447 035 $a(PQKBManifestationID)11506866 035 $a(PQKBTitleCode)TC0000916447 035 $a(PQKBWorkID)10875808 035 $a(PQKB)10522760 035 $a(MiAaPQ)EBC3155677 035 $a(Au-PeEL)EBL3155677 035 $a(CaPaEBR)ebr10723590 035 $a(OCoLC)922991923 035 $a(DE-B1597)584430 035 $a(DE-B1597)9781575068565 035 $a(OCoLC)1273306437 035 $a(MdBmJHUP)musev2_79463 035 $a(EXLCZ)992670000000387961 100 $a20151126d2014 uy 0 101 0 $aeng 135 $aurcn||||||||| 181 $ctxt 182 $cc 183 $acr 200 10$aTime and History in the Ancient Near East$eProceedings of the 56th Rencontre Assyriologique Internationale, Barcelona, July 26th-30th, 2010 210 1$aWinona Lake :$cEisenbrauns,$d2014. 210 4$d©2014. 215 $a1 online resource (862 p.) 225 0 $aRencontre Assyriologique Internationale 300 $aDiscovering Near Eastern Architecture through Imaginary Representations and Constructions. 311 $a1-57506-255-0 320 $aIncludes bibliographical references. 327 $aA Time to Rejoice: The Egalkura Rituals and the Mirth of IyyarDer Kalendar von Adab im 3. Jahrtausend*; Divine or Human Creation of Time? The Issue of Time as a Factor Determining the Relationship of Man to God; Workshops; Modern Architecture and Archaeology: ; The Case of the Hypothetical Reconstruction of the Neo-Assyrian Palace at Tell Massai?kh (Syria), 2007-2009; Idea and Image: How What We Know Determines What We Want to Know; Architecture and Ancient Near East in Drawings, Buildings, and Virtual Reality; Issues in Imagining and Designing Ancient and Modern Space; Invented Space. 327 $aTemporalite et spatialite dans les rites de passage de l'Anatolie hittiteReconsidering the Categories of Time in Ancient Iraq; "Internal" and "External" Evidence for a Reconstruction of Nuzi Chronology; The Other Face of the Moon: ; Some Hints on the Visual Representation of the Moon on Third-Millennium b.c.e. Mesopotamian Glyptic; The Tuleilat al-Ghassul Star Painting: A Hypothesis Regarding a Solar Calendar from the Fourth Millennium b.c.; The Monster's Gaze: Vision as Mediator between Time and Space in the Art of Mesopotamia. 327 $aNotes on the Neo-Assyrian Siege-Shield and ChariotChanging Space, Time, and Meaning:; The Seal of Yaqaru from Ugarit-A Reconversion?; Time in Neo-Assyrian Letters; The Historical Preamble of the Talmi-S?arruma Treaty (CTH 75) and Some Chronological Problems of the History of Halap; Magie et Histoire: les rituels en temps de guerre; Time and Again: Marduk's Travels; Time in Death and Afterlife: The Concept of Time and the Belief in Afterlife; Concepts and Perception of Time in Mesopotamian Divination. 327 $6880-01$a56th World Congress for Assyriology and Near Eastern Archaeology, Barcelona 2010; Address (July 26, 2010) Prof. Joaqui?n Sanmarti?n Chairman; Opening Lectures; Time before Time:; Primeval Narratives in Early Mesopotamian Literature; The Extent of Literacy in Syria and Palestine during the Second Millennium b.c.e.; Time and History in the Ancient Near East; Time "Pulled up" in Ashurnasirpal's Reliefs; Akkadian and Aramaic Terms for a 'Favorable Time' (h?ida?nu, ada?nu, and idda?n): Semitic Precursors of Greek kairos?; Masters of Time: Old Babylonian Kings and Calendars. 330 $aIn July, 2010, the International Association for Assyriology met in Barcelona, Spain, for 5 days to deliver and listen to papers on the theme ?Time and History in the Ancient Near East.? This volume, the proceedings of the conference, contains 70 of the papers read at the 56th annual Rencontre, including the papers from several workshop sessions on ?architecture and archaeology,? ?early Akkadian and its Semitic context,? ? Hurrian language,? ?law in the ancient Near East,? ?Middle Assyrian texts and studies,? and a variety of additional papers not directly related to the conference theme. The photo on the back cover shows only a representative portion of the attendees, who were warmly hosted by faculty and students from the University of Barcelona. 606 $aKosmologie$2gnd 606 $aCosmology$2fast$3(OCoLC)fst00880600 606 $aCivilization$2fast$3(OCoLC)fst00862898 606 $aBeginning$2fast$3(OCoLC)fst00829879 606 $aCosmology$vCongresses 606 $aBeginning$vCongresses 606 $aCosmology$vCongresses 606 $aBeginning$vCongresses 606 $aAssyria$xCivilization$vCongresses 607 $aAssyrien$2gnd 607 $aMiddle East$zAssyria$2fast 607 $aAssyria$xCivilization$vCongresses 608 $aConference papers and proceedings. 608 $aElectronic books. 615 0$aKosmologie 615 0$aCosmology. 615 0$aCivilization. 615 0$aBeginning. 615 0$aCosmology 615 0$aBeginning 615 0$aCosmology 615 0$aBeginning 615 0$aAssyria$xCivilization 676 $a299/.21 700 $aFeliu$b Lluis$01070740 701 $aAlba?$b A. Millet$01070741 701 $aLlop$b Jaume$01070742 712 12$aRencontre assyriologique internationale 801 0$bMdBmJHUP 801 1$bMdBmJHUP 906 $aBOOK 912 $a9910462379603321 996 $aTime and History in the Ancient Near East$92564880 997 $aUNINA LEADER 03698nam 22005415 450 001 9910300098803321 005 20200706114300.0 010 $a3-319-90321-7 024 7 $a10.1007/978-3-319-90321-7 035 $a(CKB)4100000004243955 035 $a(DE-He213)978-3-319-90321-7 035 $a(MiAaPQ)EBC6311370 035 $a(PPN)227403681 035 $a(EXLCZ)994100000004243955 100 $a20180521d2018 u| 0 101 0 $aeng 135 $aurnn|008mamaa 181 $ctxt$2rdacontent 182 $cc$2rdamedia 183 $acr$2rdacarrier 200 10$aExploring Mathematics $eProblem-Solving and Proof /$fby Daniel Grieser 205 $a1st ed. 2018. 210 1$aCham :$cSpringer International Publishing :$cImprint: Springer,$d2018. 215 $a1 online resource (XXI, 298 p. 77 illus., 15 illus. in color.) 225 1 $aSpringer Undergraduate Mathematics Series,$x1615-2085 311 $a3-319-90319-5 327 $aIntroduction -- 1 First explorations -- 2 Recursion ? a fundamental idea -- 3 Mathematical induction -- 4 Graphs -- 5 Counting -- 6 General problem solving strategies -- 7 Logic and proofs -- 8 Elementary number theory -- 9 The pigeonhole principle -- 10 The extremal principle -- 11 The invariance principle -- A A survey of problem-solving strategies -- B Basics on sets and maps -- List of symbols -- Glossary -- Lists of problems, theorems and methods -- Hints for selected exercises -- References. 330 $aHave you ever faced a mathematical problem and had no idea how to approach it? Or perhaps you had an idea but got stuck halfway through? This book guides you in developing your creativity, as it takes you on a voyage of discovery into mathematics. Readers will not only learn strategies for solving problems and logical reasoning, but they will also learn about the importance of proofs and various proof techniques. Other topics covered include recursion, mathematical induction, graphs, counting, elementary number theory, and the pigeonhole, extremal and invariance principles. Designed to help students make the transition from secondary school to university level, this book provides readers with a refreshing look at mathematics and deep insights into universal principles that are valuable far beyond the scope of this book. Aimed especially at undergraduate and secondary school students as well as teachers, this book will appeal to anyone interested in mathematics. Only basic secondary school mathematics is required, including an understanding of numbers and elementary geometry, but no calculus. Including numerous exercises, with hints provided, this textbook is suitable for self-study and use alongside lecture courses. 410 0$aSpringer Undergraduate Mathematics Series,$x1615-2085 606 $aMathematics 606 $aMathematics?Study and teaching  606 $aMathematics, general$3https://scigraph.springernature.com/ontologies/product-market-codes/M00009 606 $aMathematics Education$3https://scigraph.springernature.com/ontologies/product-market-codes/O25000 606 $aPopular Science in Mathematics$3https://scigraph.springernature.com/ontologies/product-market-codes/Q26000 615 0$aMathematics. 615 0$aMathematics?Study and teaching . 615 14$aMathematics, general. 615 24$aMathematics Education. 615 24$aPopular Science in Mathematics. 676 $a510 700 $aGrieser$b Daniel$4aut$4http://id.loc.gov/vocabulary/relators/aut$065750 801 0$bMiAaPQ 801 1$bMiAaPQ 801 2$bMiAaPQ 906 $aBOOK 912 $a9910300098803321 996 $aExploring Mathematics$92102299 997 $aUNINA